|
|
|
|
| LEADER |
00000nam a22000007a 4500 |
| 008 |
220715b2015 a|||| |||| 00| 0 spa d |
| 999 |
|
|
|c 3964
|d 3964
|
| 090 |
|
|
|a 13.03.01
|b 745
|
| 100 |
|
|
|9 4237
|a Gutiérrez Coto, Ilse
|
| 245 |
|
|
|a Radiografía laboral I : personas graduadas de las universidades costarricenses /
|c Ilse Gutiérrez Coto, Zully Chaves Zambrano, Ana Patricia Ruth Mesén, Zuceth Chacón Solano
|
| 260 |
|
|
|a San José, Costa Rica :
|b Consejo Nacional de Rectores, Oficina de Planificación de la Educación Superior,
|c 2015
|
| 300 |
|
|
|a 1 volumen (en varias paginaciones)
|
| 490 |
|
|
|a OPES,
|v 18
|
| 500 |
|
|
|a La Unidad posee Radiografía Laboral II (2017)
|
| 650 |
1 |
4 |
|9 778
|a CONDICIONES DE TRABAJO
|
| 650 |
1 |
4 |
|9 571
|a MERCADO DE TRABAJO
|
| 650 |
1 |
4 |
|9 779
|a GRADUADOS
|
| 650 |
1 |
4 |
|9 16
|a UNIVERSIDADES
|
| 650 |
1 |
4 |
|9 1064
|a INFOGRAFÍA
|
| 651 |
|
4 |
|9 47
|a COSTA RICA
|
| 700 |
|
|
|9 4796
|a Chaves Zambrano, Zully
|
| 700 |
|
|
|9 4797
|a Ruh Mesén, Ana Patricia
|
| 700 |
|
|
|9 4798
|a Chacón Solano, Zuceth
|
| 942 |
|
|
|i 004694,004695
|h 13.03.01 745
|2 z
|c 01
|